000 00542cam a2200157 a 4500
040 _cDLC
082 _a442 1994 CDR C142 Or.
245 0 0 _aGuide to international aid and lending institutions.
250 _a2nd ed. rev. & updated.
260 _aPhnom Penh :
_bCambodia Development Resource Institute,
_c1994.
300 _aiii, 268 p. ;
_c22 cm.
650 0 _aEconomic assistance
650 0 _aFinancial institutions
710 2 _aVidyāsthān Paṇṭuḥ Paṇṭāl niṅ Srāvjrāv ṭoempī Qabhivaḍḍhn ̊Kambujā.
942 _cEK
999 _c18313
_d18313